<?xml version="1.0" encoding="UTF-8"?>
<record
    xmlns:xsi="http://www.w3.org/2001/XMLSchema-instance"
    xsi:schemaLocation="http://www.loc.gov/MARC21/slim http://www.loc.gov/standards/marcxml/schema/MARC21slim.xsd"
    xmlns="http://www.loc.gov/MARC21/slim">

  <leader>00927nam a22002537a 4500</leader>
  <controlfield tag="003">DO-SdBNP</controlfield>
  <controlfield tag="005">20240925092620.0</controlfield>
  <controlfield tag="007">ta</controlfield>
  <controlfield tag="008">201123e2016    dr acohgr a co000 0 spa d</controlfield>
  <datafield tag="020" ind1=" " ind2=" ">
    <subfield code="a">9789945586749</subfield>
  </datafield>
  <datafield tag="040" ind1=" " ind2=" ">
    <subfield code="a">DO-SdBNP</subfield>
    <subfield code="b">spa</subfield>
    <subfield code="c">BNPHU</subfield>
    <subfield code="e">rda</subfield>
  </datafield>
  <datafield tag="082" ind1=" " ind2="4">
    <subfield code="b">A673g </subfield>
    <subfield code="2">22</subfield>
  </datafield>
  <datafield tag="245" ind1="0" ind2="0">
    <subfield code="a">Archivo General de la Naci&#xF3;n : </subfield>
    <subfield code="b">ayer y hoy / </subfield>
    <subfield code="c">editor, Daniel Garc&#xED;a; fotograf&#xED;as interior, Wagner Vallejo y Ra&#xFA;l E. Rosario Jim&#xE9;nez;  pesentaci&#xF3;n, Roberto Cass&#xE1;;</subfield>
  </datafield>
  <datafield tag="260" ind1=" " ind2=" ">
    <subfield code="a">Santo Domingo : </subfield>
    <subfield code="b">Archivo General de la Naci&#xF3;n,</subfield>
    <subfield code="c">2016</subfield>
  </datafield>
  <datafield tag="300" ind1=" " ind2=" ">
    <subfield code="a">332 p. : </subfield>
    <subfield code="b">il.,fots., retrs., </subfield>
    <subfield code="c">28 cm. </subfield>
  </datafield>
  <datafield tag="490" ind1="0" ind2=" ">
    <subfield code="a">Archivo General de la Naci&#xF3;n;</subfield>
    <subfield code="v">277</subfield>
  </datafield>
  <datafield tag="590" ind1=" " ind2=" ">
    <subfield code="a">Inventariado 2023 / MF</subfield>
  </datafield>
  <datafield tag="700" ind1="1" ind2=" ">
    <subfield code="a">Cass&#xE1;, Roberto, </subfield>
    <subfield code="d">1948-</subfield>
    <subfield code="9">10888</subfield>
  </datafield>
  <datafield tag="700" ind1="1" ind2=" ">
    <subfield code="a">Garc&#xED;a, Daniel</subfield>
    <subfield code="9">79333</subfield>
    <subfield code="e">ed.</subfield>
  </datafield>
  <datafield tag="700" ind1="1" ind2=" ">
    <subfield code="a">Vallejo, Wagner </subfield>
    <subfield code="e">fotogr.</subfield>
    <subfield code="9">83047</subfield>
  </datafield>
  <datafield tag="700" ind1="1" ind2=" ">
    <subfield code="a">Rosario Jim&#xE9;nez, Ra&#xFA;l E. </subfield>
    <subfield code="e">fotogr.</subfield>
    <subfield code="9">83048</subfield>
  </datafield>
  <datafield tag="910" ind1=" " ind2=" ">
    <subfield code="a">MFeliz</subfield>
  </datafield>
  <datafield tag="942" ind1=" " ind2=" ">
    <subfield code="2">ddc</subfield>
    <subfield code="c">LBS1</subfield>
  </datafield>
  <datafield tag="952" ind1=" " ind2=" ">
    <subfield code="0">0</subfield>
    <subfield code="1">0</subfield>
    <subfield code="2">ddc</subfield>
    <subfield code="5">1</subfield>
    <subfield code="7">1</subfield>
    <subfield code="8">MO</subfield>
    <subfield code="a">BNPHU</subfield>
    <subfield code="b">PD</subfield>
    <subfield code="c">HD</subfield>
    <subfield code="d">2020-11-23</subfield>
    <subfield code="e">Donado Archivo General de la Naci&#xF3;n</subfield>
    <subfield code="o">A673g </subfield>
    <subfield code="r">2020-11-23</subfield>
    <subfield code="w">2020-11-23</subfield>
    <subfield code="y">LBS1</subfield>
  </datafield>
  <datafield tag="952" ind1=" " ind2=" ">
    <subfield code="0">0</subfield>
    <subfield code="1">0</subfield>
    <subfield code="2">ddc</subfield>
    <subfield code="5">1</subfield>
    <subfield code="7">0</subfield>
    <subfield code="8">PD</subfield>
    <subfield code="a">BNPHU</subfield>
    <subfield code="b">BNPHU</subfield>
    <subfield code="c">CT</subfield>
    <subfield code="d">2022-02-09</subfield>
    <subfield code="e">Donado V&#xED;ctor Hugo</subfield>
    <subfield code="l">0</subfield>
    <subfield code="o">A673g </subfield>
    <subfield code="p">2023-0377</subfield>
    <subfield code="r">2023-01-23</subfield>
    <subfield code="t">e.2</subfield>
    <subfield code="w">2023-01-23</subfield>
    <subfield code="y">LBS1</subfield>
  </datafield>
  <datafield tag="952" ind1=" " ind2=" ">
    <subfield code="0">0</subfield>
    <subfield code="1">0</subfield>
    <subfield code="2">ddc</subfield>
    <subfield code="5">6</subfield>
    <subfield code="7">0</subfield>
    <subfield code="8">DS</subfield>
    <subfield code="a">BNPHU</subfield>
    <subfield code="b">BNPHU</subfield>
    <subfield code="c">CT</subfield>
    <subfield code="d">2022-04-16</subfield>
    <subfield code="e">Donando por Carlos F. Otero </subfield>
    <subfield code="l">0</subfield>
    <subfield code="o">A673g </subfield>
    <subfield code="p">2023-0742</subfield>
    <subfield code="r">2023-02-07</subfield>
    <subfield code="t">e.3</subfield>
    <subfield code="w">2023-02-07</subfield>
    <subfield code="y">LBS1</subfield>
  </datafield>
  <datafield tag="952" ind1=" " ind2=" ">
    <subfield code="0">0</subfield>
    <subfield code="1">0</subfield>
    <subfield code="2">ddc</subfield>
    <subfield code="5">6</subfield>
    <subfield code="7">0</subfield>
    <subfield code="8">DS</subfield>
    <subfield code="a">BNPHU</subfield>
    <subfield code="b">BNPHU</subfield>
    <subfield code="c">CT</subfield>
    <subfield code="d">2024-07-05</subfield>
    <subfield code="e">deposito legal</subfield>
    <subfield code="l">0</subfield>
    <subfield code="o">BNPHU DS A673g </subfield>
    <subfield code="p">2024-4238</subfield>
    <subfield code="r">2024-07-05</subfield>
    <subfield code="t">e.4</subfield>
    <subfield code="w">2024-07-05</subfield>
    <subfield code="y">LBS1</subfield>
  </datafield>
  <datafield tag="952" ind1=" " ind2=" ">
    <subfield code="0">0</subfield>
    <subfield code="1">0</subfield>
    <subfield code="2">ddc</subfield>
    <subfield code="5">6</subfield>
    <subfield code="7">0</subfield>
    <subfield code="8">DS</subfield>
    <subfield code="a">BNPHU</subfield>
    <subfield code="b">BNPHU</subfield>
    <subfield code="c">CT</subfield>
    <subfield code="d">2024-07-05</subfield>
    <subfield code="e">deposito legal</subfield>
    <subfield code="l">0</subfield>
    <subfield code="o">BNPHU DS A673g </subfield>
    <subfield code="p">2024-4239</subfield>
    <subfield code="r">2024-07-05</subfield>
    <subfield code="t">e.5</subfield>
    <subfield code="w">2024-07-05</subfield>
    <subfield code="y">LBS1</subfield>
  </datafield>
  <datafield tag="999" ind1=" " ind2=" ">
    <subfield code="c">49186</subfield>
    <subfield code="d">49186</subfield>
  </datafield>
</record>
